Prize designs for modern furniture (Record no. 19786)
[ view plain ]
| 000 -CABECERA | |
|---|---|
| campo de control de longitud fija | 00919nam a2200265 4500 |
| 003 - IDENTIFICADOR DEL NÚMERO DE CONTROL | |
| campo de control | OSt |
| 005 - FECHA Y HORA DE LA ÚLTIMA TRANSACCIÓN | |
| campo de control | 20260601170955.0 |
| 008 - DATOS DE LONGITUD FIJA--INFORMACIÓN GENERAL | |
| campo de control de longitud fija | 260421b1950\\\\xxua||||\||||\00|\0\eng\d |
| 040 ## - FUENTE DE LA CATALOGACIÓN | |
| Centro catalogador/agencia de origen | ICI |
| Lengua de catalogación | spa |
| Centro/agencia transcriptor | ICI |
| 050 #0 - SIGNATURA TOPOGRÁFICA DE LA BIBLIOTECA DEL CONGRESO | |
| Número de clasificación | NK2715 |
| Número de documento/Ítem | K38 1950 |
| 100 #1 - ENTRADA PRINCIPAL--NOMBRE DE PERSONA | |
| Nombre de persona | Kaufmann, Edgar, Jr. |
| Fechas asociadas al nombre | 1910-1989 |
| 9 (RLIN) | 30361 |
| 245 #1 - MENCIÓN DE TÍTULO | |
| Título | Prize designs for modern furniture |
| Mención de responsabilidad, etc. | Edgar Kaufmann Jr. |
| 260 ## - PUBLICACIÓN, DISTRIBUCIÓN, ETC. | |
| Lugar de publicación, distribución, etc. | New York |
| Nombre del editor, distribuidor, etc. | Museum of Modern Art |
| Fecha de publicación, distribución, etc. | 1950 |
| 264 ## - PRODUCCIÓN, PUBLICACIÓN, DISTRIBUCIÓN, FABRICACIÓN Y COPYRIGHT | |
| Nombre del de productor, editor, distribuidor, fabricante | The Museum of Modern Art NY |
| Fecha de producción, publicación, distribución, fabricación o copyright | 1950 |
| 300 ## - DESCRIPCIÓN FÍSICA | |
| Extensión | 1 volumen (varias páginas) |
| Otras características físicas | ilustraciones |
| Dimensiones | 28cm. |
| 336 ## - TIPO DE CONTENIDO | |
| Término de tipo de contenido | texto |
| Fuente | rdacontent |
| 337 ## - TIPO DE MEDIO | |
| Nombre/término del tipo de medio | sin medio |
| Fuente | rdamedia |
| 338 ## - TIPO DE SOPORTE | |
| Nombre/término del tipo de soporte | volumen |
| Fuente | rdacarrier |
| 500 ## - NOTA GENERAL | |
| Nota general | Catálogo de diseños premiados de mobiliario moderno. |
| 650 ## - PUNTO DE ACCESO ADICIONAL DE MATERIA--TÉRMINO DE MATERIA | |
| Término de materia o nombre geográfico como elemento de entrada | Muebles modernos |
| Subdivisión general | Diseño. |
| 650 ## - PUNTO DE ACCESO ADICIONAL DE MATERIA--TÉRMINO DE MATERIA | |
| Término de materia o nombre geográfico como elemento de entrada | Diseño industrial |
| Subdivisión general | Historia |
| Subdivisión cronológica | Siglo XX. |
| 650 ## - PUNTO DE ACCESO ADICIONAL DE MATERIA--TÉRMINO DE MATERIA | |
| Término de materia o nombre geográfico como elemento de entrada | Mobiliario |
| Subdivisión general | Innovaciones. |
| 9 (RLIN) | 30364 |
| 710 ## - PUNTO DE ACCESO ADICIONAL--NOMBRE DE ENTIDAD CORPORATIVA | |
| Nombre de entidad corporativa o nombre de jurisdicción como elemento de entrada | Museum of Modern Art (New York, N.Y.) |
| 9 (RLIN) | 6696 |
| 942 ## - ELEMENTOS DE PUNTO DE ACCESO ADICIONAL (KOHA) | |
| Fuente del sistema de clasificación o colocación | Library of Congress Classification |
| Tipo de ítem Koha | Libros |
No items available.